| 000 | 02093cam a2200337 a 4500 | ||
|---|---|---|---|
| 003 | EG-GiCUC | ||
| 005 | 20250223032752.0 | ||
| 008 | 210624s2021 ua dho f m 000 0 eng d | ||
| 040 |
_aEG-GiCUC _beng _cEG-GiCUC |
||
| 041 | 0 | _aeng | |
| 049 | _aDeposite | ||
| 097 | _aM.Sc | ||
| 099 | _aCai01.13.02.M.Sc.2021.Ze.A | ||
| 100 | 0 | _aZeyad Seddik Mohamed Moussa Seddik | |
| 245 | 1 | 0 |
_aArchitectural narrative and montage of spaces : _bUsing cinematic strategies to enhance user spatial experience / _cZeyad Seddik Mohamed Moussa Seddik ; Supervised Mohamed Medhat H. Dorra , Khaled M. R. Dewidar |
| 246 | 1 | 5 |
_aالسرد المعمارى و مونتاج الفراغات : _bاستخدام الأساليب السينمائية لتطوير التجربة الفراغية للمستخدم |
| 260 |
_aCairo : _bZeyad Seddik Mohamed Moussa Seddik , _c2021 |
||
| 300 |
_a127 P. : _bcharts , facsmilies , photographs ; _c30cm |
||
| 502 | _aThesis (M.Sc.) - Cairo University - Faculty of Engineering - Department of Architectural Engineering | ||
| 520 | _aThe advancement of design tools and the acceleration of design cycles lead to the suffering of architectural designs from a 2user-blind3 design syndrome. Cinematic tools from story and narrative structure to the final montage adopted from film are studied. Then, these techniques are overlaid on the design process and real world architectural and cinematic examples to examine ways architecture can benefit from film in reinstating the user as the core of the design process and consequently enhance their spatial experience. The core cinematic strategies discussed are applied to {u2018}Parc de La Villette,{u2019} Paris, France, by architect Bernard Tschumi | ||
| 530 | _aIssued also as CD | ||
| 653 | 4 | _aArchitecture Design | |
| 653 | 4 | _aFilm Montage | |
| 653 | 4 | _aSpatial Narrative | |
| 700 | 0 |
_aKhaled M. R. Dewidar, _eSupervising |
|
| 700 | 0 |
_aMohamed Medhat H. Dorra , _eSupervising |
|
| 856 | _uhttp://172.23.153.220/th.pdf | ||
| 905 |
_aAmira _eCataloger |
||
| 905 |
_aNazla _eRevisor |
||
| 942 |
_2ddc _cTH |
||
| 999 |
_c81378 _d81378 |
||